Văn hóa dân gian Vĩnh Yên

Sách giới thiệu khái quát về đất lề, quê thói, phương ngôn, văn học dân gian và một số lễ hội dân gian tiêu biểu Vĩnh Yên

Đã lưu trong:
书目详细资料
主要作者: Trần, Gia Linh
格式: 图书
语言:Undetermined
出版: Hà Nội Dân trí 2010
主题:
标签: 添加标签
没有标签, 成为第一个标记此记录!
Thư viện lưu trữ: Trung tâm Học liệu Trường Đại học Cần Thơ
LEADER 00759nam a2200205Ia 4500
001 CTU_167675
008 210402s9999 xx 000 0 und d
082 |a 390.0959721 
082 |b L312 
100 |a Trần, Gia Linh 
245 0 |a Văn hóa dân gian Vĩnh Yên 
245 0 |c Trần Gia Linh 
260 |a Hà Nội 
260 |b Dân trí 
260 |c 2010 
520 |a Sách giới thiệu khái quát về đất lề, quê thói, phương ngôn, văn học dân gian và một số lễ hội dân gian tiêu biểu Vĩnh Yên 
650 |a Folklore,Văn hóa dân gian 
650 |z Vietnam,Việt Nam 
904 |i Trọng Hải 
980 |a Trung tâm Học liệu Trường Đại học Cần Thơ